00385nam a22001457a 4500003000400000008004100004082001700045100002600062245007300088260003200161300000900193502001500202650001300217650000900230OSt260506b |||||||| |||| 00| 0 eng d a633.15bS48S aSinha, Dharmesh Kumar aStudies on Intercropping in Kharif Maize of Different Maturity Group aPusa, SamastipurbRAUc1991 a94P. bMsc.d1991 aAgronomy aMsc.